Managing to "keep" factors of office tenants to raise satisfaction and loyalty (Record no. 79883)
[ view plain ]
| 000 -LEADER | |
|---|---|
| fixed length control field | 00919cab a22001935a 4500 |
| 001 - CONTROL NUMBER | |
| control field | L142637 |
| 008 - FIXED-LENGTH DATA ELEMENTS--GENERAL INFORMATION | |
| fixed length control field | 080226s2008 xxkad f s 000 0 eng d |
| 035 ## - SYSTEM CONTROL NUMBER | |
| System control number | (Sirsi) u142637 |
| 041 0# - LANGUAGE CODE | |
| Language code of text/sound track or separate title | eng |
| 100 1# - MAIN ENTRY--PERSONAL NAME | |
| Personal name | Appel-Meulenbroek, Rianne |
| 245 00 - TITLE STATEMENT | |
| Title | Managing to "keep" factors of office tenants to raise satisfaction and loyalty |
| 260 ## - PUBLICATION, DISTRIBUTION, ETC. | |
| Date of publication, distribution, etc. | 2008 |
| 490 #0 - SERIES STATEMENT | |
| Series statement | Property Management |
| Volume/sequential designation | 26(1) 2008, 43-55(13) |
| 520 ## - SUMMARY, ETC. | |
| Summary, etc. | Explores the effect of office (location and building) "keep", push and pull factors on satisfaction and tenant loyalty. Finds that retaining tenants demands more than simply value for money. The keep factors are mainly functional; push and pull mainly technical, but they can only raise satisfaction to a certain level. |
| 590 ## - LOCAL NOTE (RLIN) | |
| Local note | KA |
| 651 #4 - SUBJECT ADDED ENTRY--GEOGRAPHIC NAME | |
| Geographic name | Europe |
| 690 ## - LOCAL SUBJECT ADDED ENTRY--TOPICAL TERM (OCLC, RLIN) | |
| Topical term or geographic name as entry element | PROPERTY-COMMERCIAL PROPERTY- LEASEHOLD COMMERCIAL PROPERTY-COMMERCIAL LANDLORD AND TENANT-BUSINESS TENANCIES |
| 942 ## - ADDED ENTRY ELEMENTS (KOHA) | |
| Suppress in OPAC | 0 |
| Withdrawn status | Lost status | Source of classification or shelving scheme | Damaged status | Not for loan | Home library | Current library | Shelving location | Date acquired | Total Checkouts | Full call number | Barcode | Date last seen | Copy number | Price effective from | Koha item type |
|---|---|---|---|---|---|---|---|---|---|---|---|---|---|---|---|
| Dewey Decimal Classification | London | London | Journal article | 26/02/2008 | L142637 | 142637-1001 | 06/08/2019 | 1 | 06/08/2019 | Journal article |